书目信息 |
| 题名: |
劫机·绑架·暗杀
|
|
| 作者: | 于巨良 编选 | |
| 分册: | ||
| 出版信息: | 北京 国防大学出版社 1988.11 |
|
| 页数: | 300页 | |
| 开本: | 19cm | |
| 丛书名: | ||
| 单 册: | ||
| 中图分类: | C913.8 | |
| 科图分类: | ||
| 主题词: | 社会病态 | |
| 电子资源: | ||
| ISBN: | 7-5626-0106-2 | |
| 000 | 00693nam0 2200205 45 | |
| 001 | 0506091628 | |
| 005 | 20050609164513.2 | |
| 010 | @a7-5626-0106-2@dCNY2.60 | |
| 100 | @a20050609d1988 km y0chiy0120 ea | |
| 101 | 0 | @achi |
| 105 | @a z 000yy | |
| 200 | 1 | @a劫机·绑架·暗杀@AJie Ji·Bang Jia·An Sha@e80年代恐怖与反恐怖纪实@E80Nian Dai Kong Bu Yu Fan Kong Bu Ji Shi@f于巨良编选@FYu Ju Liang Bian Xuan |
| 210 | @a北京@c国防大学出版社@d1988.11 | |
| 215 | @a300页@d19cm | |
| 517 | @a80年代恐怖与反恐怖纪实@A80 Nian Dai Kong Bu Yu Fan Kong Bu Ji Shi | |
| 606 | 0 | @a社会病态 |
| 690 | @aC913.8@v3 | |
| 701 | 0 | @a于巨良@4编选 |
| 801 | @aCN@bPftUser@c20050609 | |
| 905 | @f1@b220003@dC913.8@e108 | |
| 劫机·绑架·暗杀:80年代恐怖与反恐怖纪实/于巨良编选.-北京:国防大学出版社,1988.11 |
| 300页;19cm |
| ISBN 7-5626-0106-2:CNY2.60 |
| ● |
| 相关链接 |
|
|
|
|
正题名:劫机·绑架·暗杀
索取号:C913.8/108
 
预约/预借
| 序号 | 登录号 | 条形码 | 馆藏地/架位号 | 状态 | 备注 |
| 1 | 0220003 | 000370039 | 第一样本阅览室/ [索取号:C913.8/108] | 在馆 |